Normal view
MARC view
- MATHEMATICS COMBINATORIAL MATHEMATICS
Entry Topical Term
001 - CONTROL NUMBER
- control field: 80794
003 - CONTROL NUMBER IDENTIFIER
- control field: NUST
005 - DATE AND TIME OF LATEST TRANSACTION
- control field: 20210628210735.0
008 - FIXED-LENGTH DATA ELEMENTS
- fixed length control field: 210628|| aca||aabn | a|a d
040 ## - CATALOGING SOURCE
- Original cataloging agency: NUST
- Transcribing agency: NUST
150 ## - HEADING--TOPICAL TERM
- Topical term or geographic name entry element: MATHEMATICS COMBINATORIAL MATHEMATICS
670 ## - SOURCE DATA FOUND
- Source citation: Work cat.: (NUST): Mitchell, Chris 80793, Applications of combinatorial mathematics, 1997
